| 000 | 01523nam a2200301 i 4500 | ||
|---|---|---|---|
| 001 | 169826 | ||
| 003 | ES-MaACL | ||
| 005 | 20250927110307.0 | ||
| 008 | 081203s1823 fr |||| | fre d | ||
| 080 | _a821.133.1-293 | ||
| 245 | 0 | 0 |
_aSuite du répertoire du théâtre français, avec un choix des pièces de plusieurs autres théâtres. _pGrands opéras. _nV / _carrangées et mises en ordre par M. Lepeintre. |
| 260 |
_aParis : _bMme Veuve Dabo, _c1823 ( _fSenlis) |
||
| 300 |
_a409 p., [1] h. ; _c14 cm. |
||
| 490 | 1 |
_aSuite du répertoire du théatre français ; _v16 |
|
| 500 | _aÍndice. | ||
| 500 | _aEnc. con: Suite du répertoire du théâtre français ; 15. | ||
| 505 | 8 |
_aContiene: ; _tLa caravane du Caire ; Panurge / _rpar Morel. -- _tIphigénie en Tauride ; Oedipe en Colone / _rpar Guillard. -- _tLa Jérusalem délivrée / _rpar M. Baour-Lormian. -- _tAnacréon chez Polycrate / _rpar M. Guy. -- _tLa Vestale ; Fernand Cortez / _rpar M. de Jouy. |
|
| 597 | _a2 tomos en 1 v. | ||
| 700 | 1 |
_aMorel de Chédeville, Étienne. _9138991 |
|
| 700 | 1 |
_aGuillard, Nicolas-François. _9138992 |
|
| 700 | 1 |
_aBaour-Lormian, Pierre-Marie-François. _9138993 |
|
| 700 | 1 |
_aGuy, Jean-Henri. _9138994 |
|
| 700 | 1 |
_aJouy, Etiénne de. _9137942 |
|
| 700 | 1 |
_aLepeintre-Desroches, Pierre-Marie-Michel, _d1785-1847 _9138972 |
|
| 830 | 0 |
_aSuite du répertoire du théatre français ; _v16 _9188890 |
|
| 852 | 4 |
_aES-MaACL _jE-12314(2) _9R.190455 _z- Biblioteca Jacinto Martínez Lacalle |
|
| 999 |
_c169826 _d169826 |
||